| 000 | 01452nam a2200217Ia 4500 | ||
|---|---|---|---|
| 003 | Ost | ||
| 005 | 20260507075803.0 | ||
| 008 | 260507s9999||||xx |||||||||||||| ||und|| | ||
| 040 | _cfsecg | ||
| 041 | _aara | ||
| 082 | _a341.75 | ||
| 100 |
_aالصادق، علي توفيق _eمؤلف |
||
| 245 | 0 |
_aالعولمة والاقتصادات الوطنية / _c علي توفيق الصادق |
|
| 260 |
_aأبو ظبي: _bصندوق النقد العربي, _c2001 |
||
| 300 |
_a392 صفحة؛ _bإيضاحات ؛ _c24 سم |
||
| 520 | _aيقدم هذا الكتاب أعمال الندوة التي نظمها صندوق النقد العربي وصندوق النقد الدولي حول العولمة وإدارة الاقتصادات الوطنية وعقدت في أبو ظبي يومي 18 و19 التي حضرها كبار المسؤولين العرب، يضم حصيلة الندوة/ مواجهة تحديات العولمة، العولمة والتحديات التي تواجه البلدان النامية، العولمة وتجربة الأسيوية، أمريكا اللاتينية في عالم يتعولم، العولمة وأسلوب الإدارة الاقتصادية، السياسة الاقتصادية الكلية للبنان في ظل العولمة. | ||
| 653 | _aالاقتصاد الدولي | ||
| 653 | _aالعولمة | ||
| 700 |
_aالبلبل، أحمد علي _eمؤلف ثانوي |
||
| 942 | _cكتاب | ||
| 999 |
_c46325 _d46325 |
||